UM Logo

PAgsusuri sa Estratehiyang Ginagamit ng mga Guro Sa pagkatuto ng mga Mag-aaral sa Asignaturang Filipino sa Ikasampung Taon Sa DICNHS. (Record no. 6394)

MARC details
000 -LEADER
fixed length control field 00646nam a22001577a 4500
008 - FIXED-LENGTH DATA ELEMENTS--GENERAL INFORMATION
fixed length control field 170309b xxu||||| |||| 00| 0 eng d
082 ## - DEWEY DECIMAL CLASSIFICATION NUMBER
Edition number 2016
Classification number UT 0718
Item number Am74
100 ## - MAIN ENTRY--PERSONAL NAME
9 (RLIN) 19290
Personal name Ampong, Marissa D.
245 ## - TITLE STATEMENT
Title PAgsusuri sa Estratehiyang Ginagamit ng mga Guro Sa pagkatuto ng mga Mag-aaral sa Asignaturang Filipino sa Ikasampung Taon Sa DICNHS.
Statement of responsibility, etc. Marissa D. Ampong, Merlinie C. Entera and Safanah M. Matuan
300 ## - PHYSICAL DESCRIPTION
Extent 50 pages;
Other physical details 29 cm.
650 #0 - SUBJECT ADDED ENTRY--TOPICAL TERM
9 (RLIN) 19291
Topical term or geographic name as entry element Education
Form subdivision Filipino
General subdivision Undergraduate Thesis.
700 ## - ADDED ENTRY--PERSONAL NAME
9 (RLIN) 19292
Personal name Ampong, Marissa D.
700 ## - ADDED ENTRY--PERSONAL NAME
9 (RLIN) 19293
Personal name Entera, Merlinie C.
700 ## - ADDED ENTRY--PERSONAL NAME
9 (RLIN) 19294
Personal name Matuan, Safanah M.
942 ## - ADDED ENTRY ELEMENTS (KOHA)
Source of classification or shelving scheme Dewey Decimal Classification
Koha item type Undergraduate Thesis
Holdings
Withdrawn status Lost status Source of classification or shelving scheme Damaged status Not for loan Home library Current library Date acquired Total Checkouts Full call number Barcode Date last seen Copy number Price effective from Koha item type
    Dewey Decimal Classification     UM Digos College - LIC UM Digos College - LIC 11/07/2016   UT 0718 Am74 2016 UT0718 03/09/2017 1 03/09/2017 Undergraduate Thesis
    Dewey Decimal Classification     UM Digos College - LIC UM Digos College - LIC 02/27/2017   UT 0757 Am74 2016 UT0757 04/24/2017 2 04/24/2017 Undergraduate Thesis